000 01386nam a22002537a 4500
999 _c63039
_d63039
003 Ge_BSU
005 20250522120739.0
008 250522s2022 ge ||||| |||| 00| 0 geo d
020 _a9789941843792
041 _ageo
080 _a616.895.8 : 159.9 ბ-70
100 _aბინსვანგერი, ლუდვიგ
_925088
245 _aეგზისტენციალური ანალიზი = Existenzalyse /
_cლუდვიგ ბინსვანგერი; მთარგმნელი ვახტანგ გორგიშელი; გარეკანის დიზაინი დაიანა ღონიაძე.
250 _aI ქართული გამოცემა
264 _aთბილისი :
_bგამომცემლობა აქტი,
_c2022.
300 _a280 გვ. ;
_b21 სმ.
653 _aფსიქიატრია
653 _aშიზოფრენია
653 _aადამიანის ფსოქოლოგია
700 _aგორგიშელი, ვახტანგ
_eმთარგმნელი
_913944
700 _aღონიაძე, დაიანა
_eგარეკანის დიზაინერი
_925089
700 _aცაცუა, გიზო
_eგამომცემელი
_913970
942 _2udc
_cᲬᲘᲒᲜᲘ